Introducción al estudio de las Ciencias Jurídicas y Sociales.

Guardat en:
Dades bibliogràfiques
Autor principal: Bascuñán Valdés, Aníbal (autor)
Format: Llibre
Idioma:espanyol
Publicat: Santiago, Chile Jurídica de Chile 1960
Edició:Segunda edición
Col·lecció:Apuntes de Clases. 8
Matèries:
Etiquetes: Afegir etiqueta
Sense etiquetes, Sigues el primer a etiquetar aquest registre!

MARC

LEADER 00000nam a2200000 a 4500
001 UCS6582
003 CL-VaPUC
005 20230724122354.0
008 970926e19600000CL |||||||||||||||||spa|d
999 |c 262228  |d 262226 
040 |c Pontificia Universidad Católica de Valparaíso 
082 0 4 |a 340.1 BAS 1960  |2 21 
100 |a Bascuñán Valdés, Aníbal  |e autor  |9 673296 
245 1 0 |a Introducción al estudio de las Ciencias Jurídicas y Sociales. 
250 |a Segunda edición 
260 0 3 |a Santiago, Chile  |b Jurídica de Chile  |c 1960 
300 |a 318 páginas. 
490 0 |a Apuntes de Clases.  |v 8 
583 |a last modification  |c 20170928 09:53:05  |k Rodrigo Vera 
650 0 |a Historia del derecho  |9 255109 
650 0 |a Investigación jurídica  |9 328647 
650 7 |a CONOCIMIENTO JURIDICO  |2 CL-VaPUC  |9 391909 
650 0 |a Abogados  |9 256284 
650 0 |a Fuentes del derecho   |9 255162 
650 0 |a Ordenamiento jurídico   |9 355371 
650 0 |a Derecho positivo  |9 255911 
650 0 |a Normas jurídicas  |9 258310 
651 7 |a CHILE  |2 CL-VaPUC  |9 391910 
942 |c BK  |2 ddc 
945 |d 19970926 00:00:00  |a lriquelm 
952 |0 0  |1 0  |2 ddc  |4 0  |6 340_100000000000000_BAS_1960  |7 0  |8 DER_TF  |9 290488  |a BIBDER  |b BIBDER  |d 2019-11-19  |i 1885634  |l 1  |m 5  |o 340.1 BAS 1960  |p 1885634  |q 2025-12-31  |r 2020-02-26  |s 2020-02-26  |t 1  |w 2019-11-19  |x Ubicación 4to Piso  |y BK  |z Estos recursos deben solicitarse con anticipación  |k DER